| 000 | 00706nam a2200229 4500 | ||
|---|---|---|---|
| 001 | 1253157 | ||
| 005 | 20220303120529.0 | ||
| 008 | 740513s1973 gau 000 0 eng | ||
| 010 | _a 73083914 | ||
| 020 | _a0877071306 | ||
| 040 |
_aDLC _cDLC _dDLC |
||
| 050 | 0 | 0 |
_aBF637.S8 _bH6215 1973 |
| 082 | 0 | 0 | _a131/.32 |
| 100 | 1 |
_aHoward, Vernon Linwood, _d1918- |
|
| 245 | 1 | 0 |
_aEsoteric mind-power; _bsecrets for new success and happiness, _cby Vernon Howard. |
| 260 |
_aLakemont, Ga., _bCSA Press _c[c1973] |
||
| 300 |
_a196 p. _c24 cm. |
||
| 350 | _a$5.95 | ||
| 650 | 0 | _aSuccess. | |
| 906 |
_a7 _bcbc _corignew _d2 _eopcn _f19 _gy-gencatlg |
||
| 942 |
_2lcc _hBF637.S8 .H6215 1973 _cBOOKS |
||
| 999 |
_c31341 _d31341 |
||